Archipiélago Gulag: 1918-1956. Ensayo de investigación literaria

Guardat en:
Dades bibliogràfiques
Autor principal: Solzhenitsyn, Alexander Isacvich (Autor)
Format: Llibre
Idioma:espanyol
Publicat: Barcelona Plaza y Janes 1973
Edició:1a. ed
Col·lecció:El Arca de Papel, 50
Matèries:
Etiquetes: Afegir etiqueta
Sense etiquetes, Sigues el primer a etiquetar aquest registre!

MARC

LEADER 00000cam a2200000 a 4500
001 UCD3931
003 CL-VaPUC
008 160623e19730000sp |||||||||||||||||spa|d
082 0 4 |a 891.74  |b SOL  |2 21 
100 0 |a Solzhenitsyn, Alexander Isacvich  |e author  |9 342633 
245 1 0 |a Archipiélago Gulag: 1918-1956. Ensayo de investigación literaria 
250 |a 1a. ed 
300 |a 530 p 
942 |c BK 
945 |d 20160623 20:47:00  |a dcastane 
260 |a Barcelona  |b Plaza y Janes  |c 1973 
650 7 |a ENSAYOS RUSOS  |2 CL-VaPUC  |9 267873 
583 |a last modification  |c 20160623 20:47:00  |k Rodrigo Vera 
490 0 |a El Arca de Papel, 50 
999 |c 364945  |d 364943 
952 |0 0  |1 0  |3 erb  |4 0  |6 891_740000000000000_SOL_1973  |7 0  |8 A  |9 478575  |a FDOHBE  |b FDOHBE  |e Huesbe Llanos, Marco Antonio, 1934-  |i 5309832  |o 891.74 SOL 1973  |p 5309832  |r 2024-01-30  |w 2019-11-24  |y BK  |z Catalogado en:20160623  |k HBE